International Law of the Built Environment

Detalles Bibliográficos
Formato: eBook
Lenguaje:inglés
Publicado: London : Emerald Group Publishing, 2009 -
Materias:
Acceso en línea:Acceso restringido

MARC

LEADER 00000nam a22000007a 4500
005 20120301141612.0
007 cr|||| ||||
008 120301c20099999uk |||| s|||| 0|||a1eng d
022 |a 1756-1450  
035 |a 6141 
040 |a vLex 
090 |c 3057  |d 3057 
245 0 0 |a International Law of the Built Environment  |h [Recurso electrn̤ico]  
256 |a Servicio en ln̕ea 
260 |a London :  |b Emerald Group Publishing,  |c 2009 - 
300 |a 1 recurso electrn̤ico 
310 |a 3 nm︢eros al aǫ 
362 0 |a Nm︢. 1 (2009) - 
506 1 |a Contenido solo disponible en los productos indicados  |d vLex Global   |d vLex Global (Academic Edition, excluding Law Schools)   |d vLex Global (U.S. Academic Edition, Law Schools)   |d vLex Global (U.S. Academic Edition, excluding Law Schools)   |d vLex Global (Academic Edition, Law Schools)  
650 0 4 |a Derecho ambiental 
650 0 4 |a Derecho internacional 
740 0 |a vLex Libros (Servicio en ln̕ea) 
856 4 0 |u http://vlex.com/source/international-law-built-environment-6141  |z Acceso restringido 
942 |c BOOK 
999 0 |a International law 
999 0 |a Environmental law